[Event "Guernsey op 46th"]
[Site "St James"]
[Date "2022.10.20"]
[Round "5"]
[White "Beadle, John R"]
[Black "Bennett, David"]
[Result "1-0"]
[WhiteElo "1556"]
[BlackElo "1408"]
[PlyCount "97"]
[EventDate "2022.10.16"]
[EventType "swiss"]
[EventRounds "7"]
[EventCountry "GCI"]
[SourceTitle "EXT 2024"]
[Source "ChessBase"]
[SourceDate "2023.10.10"]
[SourceVersion "1"]
[SourceVersionDate "2023.10.10"]
[SourceQuality "1"]

1. e4 e5 2. Nf3 Nc6 3. Bb5 Nd4 4. Nxd4 exd4 5. d3 h6 6. Nd2 c6 7. Ba4 Be7 8. 0-0 Nf6 9. Nf3 b5 10. Bb3 Bc5 11. a3 0-0 12. Re1 d6 13. Ba2 Bg4 14. b4 Bb6 15. Bb2 Rc8 16. h3 Bh5 17. Qd2 Bxf3 18. gxf3 Qd7 19. Kh2 Rfe8 20. Rg1 Kf8 21. Rg2 Re5 22. f4 Re7 23. Rag1 g6 24. f5 Ng8 25. fxg6 f6 26. Bxg8 Kxg8 27. Qxh6 Rc7 28. g7 Rxg7 29. Rxg7+ Qxg7 30. Rxg7+ Rxg7 31. Qxf6 Rf7 32. Qg6+ Kf8 33. Qxd6+ Re7 34. Bxd4 Bc7 35. Bc5 Bxd6+ 36. Bxd6 Ke8 37. Bxe7 Kxe7 38. f4 Ke6 39. d4 a6 40. f5+ Kf6 41. Kg3 Ke7 42. Kf4 Kf6 43. e5+ Kf7 44. Kg5 Ke7 45. h4 Kf7 46. h5 Kg8 47. h6 Kf7 48. e6+ Kf8 49. Kf6 1-0

[Event "Guernsey op 46th"]
[Site "St James"]
[Date "2022.10.16"]
[Round "1"]
[White "Strade, Arita"]
[Black "Bennett, David"]
[Result "1-0"]
[WhiteElo "1918"]
[BlackElo "1408"]
[PlyCount "59"]
[EventDate "2022.10.16"]
[EventType "swiss"]
[EventRounds "7"]
[EventCountry "GCI"]
[SourceTitle "EXT 2024"]
[Source "ChessBase"]
[SourceDate "2023.10.10"]
[SourceVersion "1"]
[SourceVersionDate "2023.10.10"]
[SourceQuality "1"]

1. e4 e5 2. Nf3 Nc6 3. Bb5 Nd4 4. Nxd4 exd4 5. c3 c6 6. Bc4 Bc5 7. Bxf7+ Ke7 8. Qh5 d6 9. Bb3 Qf8 10. e5 Qf5 11. Qh4+ Ke8 12. cxd4 Bb6 13. 0-0 d5 14. d3 Ne7 15. Be3 Ng6 16. Qg3 Bd8 17. Bd1 Bh4 18. Qf3 Qxd3 19. Nc3 Rf8 20. Qe2 Qxe2 21. Bxe2 Bf5 22. Rac1 Kf7 23. g3 Be7 24. g4 Bd7 25. f4 Rfc8 26. f5 Nf8 27. e6+ Bxe6 28. fxe6+ Kxe6 29. g5 Ng6 30. Bg4+ 1-0

[Event "Guernsey Holiday op 44th"]
[Site "Vale"]
[Date "2018.10.25"]
[Round "5"]
[White "Bennett, David"]
[Black "Foran, Barry"]
[Result "0-1"]
[WhiteElo "1383"]
[BlackElo "1688"]
[PlyCount "102"]
[EventDate "2018.10.21"]
[EventType "swiss"]
[EventRounds "7"]
[EventCountry "GCI"]
[SourceTitle "EXT 2021"]
[Source "ChessBase"]
[SourceDate "2020.10.23"]
[SourceVersion "1"]
[SourceVersionDate "2020.10.23"]
[SourceQuality "1"]

1. Nf3 Nf6 2. d4 d5 3. Bf4 e6 4. a3 c5 5. e3 Nc6 6. Nbd2 Bd6 7. Bxd6 Qxd6 8. Bb5 Bd7 9. 0-0 0-0 10. Bxc6 Bxc6 11. a4 Rfc8 12. Ne5 b6 13. Ndf3 cxd4 14. exd4 Qb4 15. b3 Be8 16. Rc1 Rc7 17. Nd3 Qd6 18. Re1 Ne4 19. Qe2 Rac8 20. Nfe5 Nc3 21. Qf3 Na2 22. Ra1 Rxc2 23. Qf4 Nb4 24. Nxb4 Qxb4 25. Rf1 Qxb3 26. h4 Qc3 27. Rae1 Qc7 28. Qe3 Bxa4 29. Ra1 Be8 30. f4 Rc3 31. Qf2 Bb5 32. Rfe1 Bd3 33. h5 Be4 34. Kh2 Rc2 35. Re2 Rxe2 36. Qxe2 f6 37. Ng4 Qxf4+ 38. Kg1 Rc1+ 39. Rxc1 Qxc1+ 40. Kh2 Qc2 41. Qxc2 Bxc2 42. Ne3 Bd3 43. g4 a5 44. Nd1 Be2 45. Ne3 a4 46. Kg3 a3 47. Nc2 a2 48. Na1 b5 49. Kf4 b4 50. g5 Bd1 51. Ke3 b3 0-1

[Event "Guernsey Holiday op 43rd"]
[Site "Guernsey"]
[Date "2017.10.21"]
[Round "7"]
[White "Bennett, David"]
[Black "Beadle, John R"]
[Result "0-1"]
[WhiteElo "1612"]
[BlackElo "1558"]
[PlyCount "70"]
[EventDate "2017.10.15"]
[EventType "swiss"]
[EventRounds "7"]
[EventCountry "GCI"]
[SourceTitle "EXT 2020"]
[Source "ChessBase"]
[SourceDate "2019.10.17"]
[SourceVersion "1"]
[SourceVersionDate "2019.10.17"]
[SourceQuality "1"]

1. Nf3 d5 2. d4 f5 3. Bf4 Nf6 4. Nbd2 e6 5. a3 Bd6 6. Be5 0-0 7. e3 Nc6 8. Be2 Bxe5 9. dxe5 Ng4 10. 0-0 Ngxe5 11. Rc1 Ng6 12. c4 Nce7 13. cxd5 exd5 14. Qb3 Kh8 15. Qc2 c6 16. Nd4 Qd6 17. f4 Bd7 18. N2f3 Ng8 19. Bd3 N6e7 20. Ne5 Rac8 21. Qf2 Nf6 22. Qh4 Ne4 23. Ndf3 Ng6 24. Nxg6+ Qxg6 25. Ne5 Qe8 26. Rf3 Rf6 27. Qe1 Rh6 28. Be2 c5 29. Rd1 Bc6 30. Nxc6 bxc6 31. Qa5 Rb8 32. Qxa7 Rxb2 33. Re1 Rg6 34. Qa5 h5 35. Rh3 Rh6 0-1

[Event "Guernsey Holiday op 43rd"]
[Site "Guernsey"]
[Date "2017.10.18"]
[Round "4"]
[White "Bennett, David"]
[Black "Jones, Sidney A"]
[Result "0-1"]
[WhiteElo "1612"]
[BlackElo "1500"]
[PlyCount "96"]
[EventDate "2017.10.15"]
[EventType "swiss"]
[EventRounds "7"]
[EventCountry "GCI"]
[SourceTitle "EXT 2020"]
[Source "ChessBase"]
[SourceDate "2019.10.17"]
[SourceVersion "1"]
[SourceVersionDate "2019.10.17"]
[SourceQuality "1"]

1. Nf3 Nf6 2. d4 d5 3. Bf4 e6 4. Nbd2 c5 5. e3 a6 6. Be2 Nc6 7. 0-0 c4 8. c3 Be7 9. Ne5 0-0 10. Nxc6 bxc6 11. Be5 Bd6 12. Nf3 Bb7 13. Rb1 Rc8 14. b3 Bxe5 15. Nxe5 Ne4 16. Qc2 a5 17. bxc4 Ba6 18. f3 Nf6 19. Bd3 Qc7 20. f4 Rb8 21. c5 Bxd3 22. Qxd3 Ne4 23. Rxb8 Rxb8 24. c4 f6 25. Nf3 Rb2 26. a3 Qb7 27. h4 Rb3 28. Qd1 dxc4 29. Qc2 Ng3 30. Re1 Qb5 31. Kh2 Rb2 32. Qc1 Ne2 33. Qd1 c3 34. a4 Qc4 35. Qa1 Qb3 36. Rxe2 Rxe2 37. Qf1 Qb2 38. Ne1 Qd2 39. Nf3 Rxg2+ 40. Qxg2 Qxg2+ 41. Kxg2 c2 42. Ne1 c1Q 43. Nf3 Qc2+ 44. Kg3 Qxa4 45. e4 h5 46. e5 Qc2 47. exf6 gxf6 48. Kh3 a4 0-1

[Event "Guernsey Holiday op 43rd"]
[Site "Guernsey"]
[Date "2017.10.16"]
[Round "2"]
[White "Brauer, Claes"]
[Black "Bennett, David"]
[Result "1/2-1/2"]
[WhiteElo "1386"]
[BlackElo "1612"]
[PlyCount "101"]
[EventDate "2017.10.15"]
[EventType "swiss"]
[EventRounds "7"]
[EventCountry "GCI"]
[SourceTitle "EXT 2020"]
[Source "ChessBase"]
[SourceDate "2019.10.17"]
[SourceVersion "1"]
[SourceVersionDate "2019.10.17"]
[SourceQuality "1"]

1. g3 d5 2. Bg2 Nf6 3. d3 Nc6 4. Nc3 e5 5. f4 Bb4 6. fxe5 Nxe5 7. Bd2 0-0 8. a3 Ba5 9. e4 Bg4 10. Nf3 Bxc3 11. Bxc3 d4 12. Bd2 Re8 13. h3 Nxf3+ 14. Bxf3 Bxf3 15. Qxf3 Rb8 16. 0-0 h6 17. Rae1 Qd7 18. g4 Nh7 19. Rf2 Qe6 20. Ref1 Re7 21. h4 Qf6 22. Qg3 Qc6 23. g5 Qg6 24. Rg2 h5 25. Bf4 Rc8 26. Be5 c5 27. Bd6 Rd7 28. e5 Nf8 29. Qf3 Ne6 30. Qd5 Rc6 31. Qb3 Ra6 32. Qb5 Rd8 33. Qxb7 Rb6 34. Qe7 Rxb2 35. Bxc5 a6 36. Rgf2 Rf8 37. Qa7 Nxc5 38. Qxc5 Rbb8 39. Qxd4 Rbd8 40. Qc4 Qb6 41. a4 Qe3 42. Qf4 Qc5 43. Qe4 Rd4 44. Qe2 Rxh4 45. e6 Rg4+ 46. Kh1 Qc6+ 47. Rg2 Rxg2 48. Qxg2 Qxe6 49. Rf6 Qe1+ 50. Kh2 Qh4+ 51. Kg1 1/2-1/2

[Event "Guernsey Holiday op 42nd"]
[Site "Guernsey"]
[Date "2016.10.22"]
[Round "7"]
[White "Nielsen, Jorgen Holmstrom"]
[Black "Bennett, David"]
[Result "1-0"]
[WhiteElo "1797"]
[BlackElo "1405"]
[PlyCount "137"]
[EventDate "2016.10.16"]
[EventType "swiss"]
[EventRounds "7"]
[EventCountry "GCI"]
[SourceTitle "EXT 2022"]
[Source "ChessBase"]
[SourceDate "2021.10.06"]
[SourceVersion "1"]
[SourceVersionDate "2021.10.06"]
[SourceQuality "1"]

1. Nc3 Nf6 2. f4 d5 3. e3 Bf5 4. Nf3 a6 5. Ne2 Nbd7 6. Ng3 Bg4 7. Be2 e6 8. 0-0 Be7 9. d3 0-0 10. e4 Nh5 11. Nxh5 Bxh5 12. Kh1 c5 13. e5 Rc8 14. Qe1 b5 15. Qg3 f5 16. Bd2 Qb6 17. h3 c4 18. d4 a5 19. c3 b4 20. Qh2 Qd8 21. Rg1 Bg6 22. g4 fxg4 23. Rxg4 Bf5 24. Rg2 Be4 25. Rag1 g6 26. Qg3 Qe8 27. h4 Kh8 28. Kh2 Rg8 29. Rh1 Qf7 30. Kg1 Rg7 31. Qf2 Rcg8 32. Rg3 Qf8 33. Kf1 h5 34. Rh2 Rh7 35. Ng5 Bxg5 36. Rxg5 Qf7 37. cxb4 axb4 38. Bxb4 Rb8 39. a3 Nb6 40. Qe3 Qe8 41. Bd1 Qb5 42. Qc3 Na4 43. Bxa4 Qxa4 44. Qd2 Qb3 45. Bc3 Rf7 46. Rg3 Qa4 47. Bb4 Qb5 48. Rc3 Rf5 49. Ke1 Rb7 50. Rg3 Rg7 51. Rf2 Rff7 52. Rf1 Rf5 53. Rfg1 Qe8 54. Rg5 Qf7 55. Rf1 Rg8 56. Bd6 Qe8 57. Qb4 Qd7 58. Be7 Kh7 59. b3 Rf7 60. Bd6 Rc8 61. Bc5 cxb3 62. Qxb3 Qc7 63. Rg3 Qb8 64. Rf2 Qa8 65. Rc3 Rb8 66. Bb4 Qa6 67. Kd2 Qa7 68. Rc5 Qe7 69. Qg3 1-0

[Event "Guernsey Holiday op 41st"]
[Site "Guernsey"]
[Date "2015.10.23"]
[Round "6"]
[White "Rowe, Oliver"]
[Black "Bennett, David"]
[Result "1-0"]
[WhiteElo "1561"]
[BlackElo "1360"]
[PlyCount "67"]
[EventDate "2015.10.18"]
[EventType "swiss"]
[EventRounds "7"]
[EventCountry "GCI"]
[SourceTitle "EXT 2022"]
[Source "ChessBase"]
[SourceDate "2021.10.06"]
[SourceVersion "1"]
[SourceVersionDate "2021.10.06"]
[SourceQuality "1"]

1. d4 c5 2. d5 Nf6 3. Nc3 d6 4. e4 Nbd7 5. f4 Nb6 6. Bb5+ Bd7 7. Bxd7+ Nbxd7 8. Nf3 Nb6 9. b3 c4 10. Bb2 Qc8 11. Qd2 e6 12. 0-0-0 Be7 13. e5 dxe5 14. d6 Bd8 15. fxe5 Nfd7 16. Rhf1 0-0 17. Ne4 cxb3 18. axb3 Nd5 19. Nfg5 Bb6 20. Kb1 Ne3 21. Rxf7 Nxd1 22. Rxg7+ Kh8 23. Rxh7+ Kg8 24. Qxd1 Qe8 25. Qg4 Qg6 26. Rxd7 Be3 27. Qxe6+ Qxe6 28. Nxe6 Rf7 29. Nf6+ Rxf6 30. exf6 Bh6 31. Rd8+ Rxd8 32. Nxd8 Bf8 33. Nxb7 Kf7 34. d7 1-0

[Event "Guernsey Holiday op 41st"]
[Site "Guernsey"]
[Date "2015.10.19"]
[Round "2"]
[White "Bennett, David"]
[Black "Gstalter, Herbert"]
[Result "0-1"]
[WhiteElo "1360"]
[BlackElo "1640"]
[PlyCount "70"]
[EventDate "2015.10.18"]
[EventType "swiss"]
[EventRounds "7"]
[EventCountry "GCI"]
[SourceTitle "EXT 2022"]
[Source "ChessBase"]
[SourceDate "2021.10.06"]
[SourceVersion "1"]
[SourceVersionDate "2021.10.06"]
[SourceQuality "1"]

1. Nf3 Nf6 2. d4 e6 3. Bf4 c5 4. c3 Nc6 5. Nbd2 cxd4 6. cxd4 d5 7. a3 Qb6 8. Nb3 Be7 9. e3 0-0 10. Be2 a5 11. Qc2 a4 12. Nbd2 Bd7 13. 0-0 Rfc8 14. Qb1 Na5 15. Ne5 Bb5 16. Bxb5 Qxb5 17. Qa2 Rc2 18. Ndf3 Rxb2 19. Rfb1 Rxa2 20. Rd1 Qb2 21. Rxa2 Qxa2 22. h3 Rc8 23. Nd3 Bxa3 24. Kh2 Nc4 25. Rg1 Nh5 26. g4 Nxf4 27. exf4 f6 28. Rg2 Nd2 29. Nfe1 Qc4 30. f3 Nxf3+ 31. Kg3 Nxe1 32. Nxe1 Qxd4 33. Re2 Rc3+ 34. Kh4 Qxf4 35. Rg2 Qh6# 0-1

[Event "Guernsey Holiday op 39th"]
[Site "Guernsey"]
[Date "2013.10.26"]
[Round "7"]
[White "Bennett, David"]
[Black "Jones, Sidney A"]
[Result "0-1"]
[WhiteElo "1392"]
[BlackElo "1488"]
[PlyCount "92"]
[EventDate "2013.10.20"]
[EventType "swiss"]
[EventRounds "7"]
[EventCountry "GCI"]
[SourceTitle "EXT 2022"]
[Source "ChessBase"]
[SourceDate "2021.10.06"]
[SourceVersion "1"]
[SourceVersionDate "2021.10.06"]
[SourceQuality "1"]

1. Nf3 Nf6 2. d4 d5 3. Bf4 e6 4. Nbd2 c5 5. Bxb8 Rxb8 6. c3 Bd6 7. e3 0-0 8. Be2 Bd7 9. 0-0 Qc7 10. g3 c4 11. b3 b5 12. b4 Rfe8 13. Qc2 Re7 14. e4 Nxe4 15. Nxe4 dxe4 16. Qxe4 Bc6 17. Qc2 h6 18. Rfe1 Rbe8 19. Bf1 Bxf3 20. Re3 Bd5 21. Rae1 Qc6 22. f3 Bxf3 23. Rd1 Bd5 24. Be2 e5 25. Bh5 e4 26. Rf1 g6 27. Bd1 Qc7 28. Qg2 Qd7 29. h3 f5 30. h4 Rf8 31. Qe2 Ref7 32. Qd2 f4 33. Ree1 Qh3 34. Qg2 Qxg2+ 35. Kxg2 e3+ 36. Bf3 Bxf3+ 37. Rxf3 Re8 38. h5 Rfe7 39. Re2 Bc7 40. a3 a5 41. Kg1 axb4 42. axb4 Ra8 43. Kf1 Ra3 44. Rc2 Ra1+ 45. Ke2 Rg1 46. Ra2 Rg2+ 0-1

[Event "Guernsey Holiday op"]
[Site "Guernsey"]
[Date "2012.10.27"]
[Round "7"]
[White "Bennett, David"]
[Black "Le Maitre, Richard"]
[Result "1/2-1/2"]
[WhiteElo "1400"]
[BlackElo "1378"]
[PlyCount "107"]
[EventDate "2012.10.21"]
[EventType "swiss"]
[EventRounds "7"]
[EventCountry "GCI"]
[SourceTitle "EXT 2015"]
[Source "ChessBase"]
[SourceDate "2014.11.20"]
[SourceVersion "1"]
[SourceVersionDate "2014.11.20"]
[SourceQuality "1"]

1. Nf3 d5 2. d4 Nc6 3. Bf4 e6 4. Nbd2 Nf6 5. e3 Bd6 6. Bg5 0-0 7. Be2 h6 8. Bxf6 Qxf6 9. 0-0 Re8 10. c4 dxc4 11. Nxc4 Bf8 12. a3 b5 13. Ncd2 a6 14. Rc1 Bb7 15. Nb3 Rad8 16. Qc2 Rc8 17. Nbd2 Qd8 18. Bd3 Ne7 19. Bh7+ Kh8 20. Be4 Nd5 21. Ne5 Qe7 22. Bg6 f5 23. Bxe8 Qxe8 24. Ndf3 Bd6 25. e4 Nf4 26. Rcd1 Bxe4 27. Qd2 Bxe5 28. Nxe5 Nxg2 29. f3 Bxf3 30. Rxf3 Nh4 31. Rh3 Qh5 32. Qd3 Rf8 33. Ng6+ Qxg6+ 34. Rg3 Qf6 35. Rc1 Qe7 36. Rc6 Ra8 37. Qc3 Ra7 38. Qb3 Qd7 39. Qxe6 Qxd4+ 40. Qe3 Qd1+ 41. Kf2 Qd7 42. Re6 c6 43. Rh3 f4 44. Re8+ Kh7 45. Qe4+ Qf5 46. Qxf5+ Nxf5 47. Rc8 Nd4 48. Rd3 c5 49. Rxc5 Ne6 50. Rc6 Ng5 51. h4 Nf7 52. Rd4 Ne5 53. Rc8 Ng6 54. h5 1/2-1/2

[Event "Guernsey Holiday op"]
[Site "Guernsey"]
[Date "2010.10.23"]
[Round "7"]
[White "Kaye, Michael J"]
[Black "Bennett, David"]
[Result "1/2-1/2"]
[WhiteElo "1456"]
[BlackElo "1352"]
[PlyCount "63"]
[EventDate "2010.10.17"]
[EventType "swiss"]
[EventRounds "7"]
[EventCountry "GCI"]
[SourceTitle "EXT 2013"]
[Source "ChessBase"]
[SourceDate "2012.11.22"]
[SourceVersion "1"]
[SourceVersionDate "2012.11.22"]
[SourceQuality "1"]

1. d4 Nf6 2. b3 e6 3. Bb2 d5 4. e3 Bb4+ 5. c3 Be7 6. Bd3 Nbd7 7. Nf3 0-0 8. Nbd2 c5 9. 0-0 a6 10. Ne5 Qc7 11. f4 b5 12. Rc1 c4 13. Bb1 a5 14. Rf3 a4 15. b4 a3 16. Ba1 Bb7 17. Rh3 g6 18. Qf3 Nxe5 19. fxe5 Nh5 20. Qg4 Bd8 21. Rxh5 f5 22. exf6 Rxf6 23. Rh3 Bc8 24. Qe2 e5 25. Rg3 e4 26. Rf1 Raa6 27. Bc2 Qg7 28. Bxe4 dxe4 29. Nxe4 Rxf1+ 30. Qxf1 Bh4 31. Rf3 Bb7 32. Nc5 1/2-1/2

[Event "Guernsey Holiday op"]
[Site "Guernsey"]
[Date "2010.10.22"]
[Round "6"]
[White "Bennett, David"]
[Black "Williams, Peter R"]
[Result "1-0"]
[WhiteElo "1352"]
[BlackElo "1160"]
[PlyCount "85"]
[EventDate "2010.10.17"]
[EventType "swiss"]
[EventRounds "7"]
[EventCountry "GCI"]
[SourceTitle "EXT 2013"]
[Source "ChessBase"]
[SourceDate "2012.11.22"]
[SourceVersion "1"]
[SourceVersionDate "2012.11.22"]
[SourceQuality "1"]

1. Nf3 d5 2. d4 Nf6 3. Bf4 Bg4 4. Nbd2 e6 5. a3 c5 6. h3 Bh5 7. c3 Nc6 8. e3 c4 9. Be2 Bd6 10. Bxd6 Qxd6 11. 0-0 0-0 12. Ng5 Bxe2 13. Qxe2 h6 14. Ngf3 Rfe8 15. e4 dxe4 16. Nxe4 Nxe4 17. Qxe4 Qd5 18. Rfe1 Rad8 19. Qc2 b5 20. Ne5 a5 21. Nxc6 Qxc6 22. Re5 Rd5 23. Rae1 Red8 24. Qe4 R8d6 25. Qf4 Qd7 26. R1e3 Qd8 27. Rg3 Rxe5 28. Qxe5 f6 29. Qxb5 Qc7 30. Qe8+ Kh7 31. Qg6+ Kh8 32. Qc2 Qc6 33. f4 Rd5 34. Qg6 Qd7 35. Qc2 a4 36. Qe2 Qc6 37. Qf3 Qb6 38. Qg4 g5 39. Qh5 Kh7 40. Qf7+ Kh8 41. Qxf6+ Kh7 42. Qf7+ Kh8 43. Qg6 1-0

[Event "Guernsey Holiday op"]
[Site "Guernsey"]
[Date "2010.10.20"]
[Round "4"]
[White "Bennett, David"]
[Black "Welch, Hazel"]
[Result "0-1"]
[WhiteElo "1352"]
[BlackElo "1520"]
[PlyCount "98"]
[EventDate "2010.10.17"]
[EventType "swiss"]
[EventRounds "7"]
[EventCountry "GCI"]
[SourceTitle "EXT 2013"]
[Source "ChessBase"]
[SourceDate "2012.11.22"]
[SourceVersion "1"]
[SourceVersionDate "2012.11.22"]
[SourceQuality "1"]

1. Nf3 Nf6 2. d4 c5 3. c3 cxd4 4. cxd4 g6 5. Bf4 Bg7 6. e3 0-0 7. Nbd2 d6 8. Be2 Nc6 9. 0-0 a6 10. Rc1 Bd7 11. a3 Rc8 12. Ne4 Nxe4 13. Bd3 Nf6 14. Qd2 b5 15. e4 Na5 16. Rxc8 Qxc8 17. Qxa5 Qb7 18. Qd2 Rc8 19. d5 Qb6 20. Be3 Qb7 21. h3 e6 22. dxe6 Bxe6 23. Ng5 Bc4 24. Bxc4 bxc4 25. Qc2 Nd7 26. Rb1 Ne5 27. Bd2 Qc6 28. Bc3 h6 29. Bxe5 Bxe5 30. Nf3 Bf6 31. Re1 Rb8 32. e5 Bg7 33. Re3 d5 34. Nd4 Qb6 35. Nf3 Qxb2 36. Qxb2 Rxb2 37. Nd4 Bf8 38. e6 fxe6 39. Nxe6 Rb8 40. Kh2 Bd6+ 41. g3 Rb3 42. Re2 Rxa3 43. Nd4 Kf7 44. Re6 Bc5 45. Nc2 Ra2 46. Re2 d4 47. Re5 Bd6 48. Re2 d3 49. Rd2 Rxc2 0-1

[Event "Guernsey Holiday op"]
[Site "Guernsey"]
[Date "2009.10.19"]
[Round "2"]
[White "Ruigrok, Jacques"]
[Black "Bennett, David"]
[Result "1-0"]
[WhiteElo "1794"]
[BlackElo "1410"]
[PlyCount "59"]
[EventDate "2009.10.18"]
[EventType "swiss"]
[EventRounds "7"]
[EventCountry "GCI"]
[SourceTitle "EXT 2015"]
[Source "ChessBase"]
[SourceDate "2014.11.20"]
[SourceVersion "1"]
[SourceVersionDate "2014.11.20"]
[SourceQuality "1"]

1. e4 e6 2. d4 c5 3. Nf3 cxd4 4. c3 Nc6 5. cxd4 Bb4+ 6. Nc3 Bxc3+ 7. bxc3 Nf6 8. Bd3 Qc7 9. 0-0 0-0 10. e5 Nd5 11. Bxh7+ Kh8 12. Bc2 Nce7 13. Qd3 g6 14. Ba3 Re8 15. Bxe7 Rxe7 16. Qe4 Re8 17. c4 Nb4 18. Qh4+ Kg7 19. Qf6+ Kg8 20. Bb3 Qd8 21. Qf4 Kg7 22. a3 Nc6 23. d5 Na5 24. Bc2 Rh8 25. Ng5 Rf8 26. Ne4 b6 27. Nf6 Rh8 28. Rad1 Ba6 29. dxe6 fxe6 30. Rxd7+ 1-0

[Event "Budapest FS04 FM-A"]
[Site "Budapest"]
[Date "2006.04.08"]
[Round "8"]
[White "Szabo, Bence"]
[Black "Bennett, David"]
[Result "0-1"]
[WhiteElo "1993"]
[BlackElo "2093"]
[PlyCount "144"]
[EventDate "2006.04.01"]
[EventType "tourn"]
[EventRounds "9"]
[EventCountry "HUN"]
[SourceTitle "CBM 111 Extra"]
[Source "ChessBase"]
[SourceDate "2006.05.09"]
[SourceVersion "1"]
[SourceVersionDate "2006.05.09"]
[SourceQuality "1"]

1. e4 d5 2. exd5 Qxd5 3. Nc3 Qd6 4. d4 Nf6 5. Nf3 a6 6. Ne5 Nc6 7. Nxc6 Qxc6 8. Be3 Be6 9. Qe2 Nd5 10. Nxd5 Bxd5 11. f3 b5 12. Qd2 e6 13. Bd3 Bd6 14. 0-0 0-0 15. a3 e5 16. c3 Rad8 17. Qc2 h6 18. Rad1 exd4 19. Bxd4 Bc5 20. Bxc5 Qxc5+ 21. Qf2 Qxf2+ 22. Rxf2 Bb3 23. Rdd2 Rd6 24. Bc2 Rxd2 25. Rxd2 Bxc2 26. Rxc2 Rd8 27. Kf2 Kf8 28. Ke2 Ke7 29. c4 Re8 30. cxb5 Kd6+ 31. Kd3 axb5 32. Re2 Ra8 33. Kc3 c5 34. Rd2+ Kc6 35. Re2 Ra4 36. Re4 Ra7 37. Re8 Rd7 38. Re2 g5 39. h3 Rd6 40. Re3 f5 41. Re5 f4 42. Re4 Kd5 43. Re2 Kc6 44. Re4 c4 45. Kc2 Kc5 46. Re5+ Kb6 47. Re4 Ka5 48. Re5 Ra6 49. Re8 b4 50. axb4+ Kxb4 51. Re4 Rc6 52. h4 gxh4 53. Rxf4 Rg6 54. Rg4 Rxg4 55. fxg4 Kb5 56. Kd2 Kb4 57. Kc2 Kc5 58. Kc3 Kd5 59. Kb4 Kd4 60. Kb5 c3 61. bxc3+ Kxc3 62. Kc5 Kd3 63. Kd5 Ke3 64. Ke5 Kf2 65. Kf6 Kxg2 66. Kg6 h3 67. Kxh6 h2 68. g5 h1Q+ 69. Kg7 Kg3 70. g6 Kg4 71. Kg8 Kg5 72. g7 Kf6 0-1

[Event "Budapest FS04 FM-A"]
[Site "Budapest"]
[Date "2006.04.04"]
[Round "4"]
[White "Bennett, David"]
[Black "Korpics, Zsolt"]
[Result "1/2-1/2"]
[WhiteElo "2093"]
[BlackElo "2336"]
[PlyCount "84"]
[EventDate "2006.04.01"]
[EventType "tourn"]
[EventRounds "9"]
[EventCountry "HUN"]
[SourceTitle "CBM 111 Extra"]
[Source "ChessBase"]
[SourceDate "2006.05.09"]
[SourceVersion "1"]
[SourceVersionDate "2006.05.09"]
[SourceQuality "1"]

1. d4 Nf6 2. c4 e6 3. g3 d5 4. Bg2 Bb4+ 5. Bd2 Be7 6. Nf3 c6 7. Qc2 0-0 8. 0-0 Nbd7 9. Bf4 b6 10. Rd1 Ba6 11. Ne5 Rc8 12. Qa4 Nb8 13. Nd2 b5 14. cxb5 cxb5 15. Qb3 Qb6 16. e4 Qxd4 17. exd5 Nxd5 18. Bxd5 exd5 19. Nf1 Qb4 20. Ne3 Bb7 21. Nxd5 Bxd5 22. Qxb4 Bxb4 23. Rxd5 a6 24. Rad1 h6 25. a3 Be7 26. R1d2 Rfe8 27. Kg2 Bf6 28. Ng4 Be7 29. Ne3 Nc6 30. Rd7 Bf8 31. Rb7 Bc5 32. b4 Bf8 33. Rb6 a5 34. Nf5 axb4 35. axb4 Nxb4 36. Rxb5 Red8 37. Bd6 Nc6 38. Rbd5 Bxd6 39. Nxd6 Ra8 40. h4 Ra6 41. Nf5 Rxd5 42. Rxd5 Ra5 1/2-1/2